000
00316pab a2200121 454500
008
180718b xxu||||| |||| 00| 0 eng d
100
_a
Rangarajan, C.
245
_a
New economic policy - best antipoverty measures
650
_a
Poverty
650
_a
Economic Development
773
_a
Business Standard
909
_a
22592
999
_c
22592
_d
22592